[Event "Calvi Balagne op 08th"]
[Site "Calvi"]
[Date "2011.04.27"]
[Round "2"]
[White "Venkatesh, Marani Rajendran"]
[Black "Delseny, Serge"]
[Result "1-0"]
[WhiteElo "2455"]
[BlackElo "2017"]
[PlyCount "77"]
[EventDate "2011.04.26"]
[EventType "swiss"]
[EventRounds "8"]
[EventCountry "FRA"]
[SourceTitle "CBM 142 Extra"]
[Source "ChessBase"]
[SourceDate "2011.06.27"]
[SourceVersion "1"]
[SourceVersionDate "2011.06.27"]
[SourceQuality "1"]

1. Nf3 Nf6 2. g3 g6 3. d3 d6 4. Bg2 Bg7 5. e4 c5 6. 0-0 Nc6 7. Re1 0-0 8. c3 Bd7 9. h3 h6 10. Nbd2 Ne8 11. a3 Be6 12. Nf1 Qb6 13. Qe2 Na5 14. Be3 Nb3 15. Rad1 Rc8 16. Nh4 Bd7 17. f4 Qc7 18. g4 b5 19. f5 g5 20. Nf3 b4 21. axb4 cxb4 22. c4 a5 23. h4 gxh4 24. g5 d5 25. gxh6 Bf6 26. cxd5 Kh7 27. Kh1 Rg8 28. Bh3 a4 29. d4 Qa5 30. Ne5 Bb5 31. Qh5 Nd6 32. Bf4 Be8 33. Ng4 Nxe4 34. Rxe4 Qxd5 35. Bg2 Rc6 36. Nge3 Qd8 37. d5 Ra6 38. d6 exd6 39. Rxe8 1-0

[Event "Cap d'Agde CCAS op"]
[Site "Cap d'Agde"]
[Date "2010.10.31"]
[Round "6"]
[White "Delseny, Serge"]
[Black "Dhaouadi, Nejmeddine"]
[Result "1/2-1/2"]
[WhiteElo "1992"]
[BlackElo "1950"]
[PlyCount "59"]
[EventDate "2010.10.23"]
[EventType "swiss"]
[EventRounds "7"]
[EventCountry "FRA"]
[SourceTitle "EXT 2012"]
[Source "ChessBase"]
[SourceDate "2011.11.24"]
[SourceVersion "1"]
[SourceVersionDate "2011.11.24"]
[SourceQuality "1"]

1. c4 e5 2. Nc3 Nf6 3. Nf3 Nc6 4. g3 Be7 5. Bg2 d6 6. d4 Nxd4 7. Nxd4 exd4 8. Qxd4 0-0 9. 0-0 Re8 10. Re1 a6 11. b3 Nd7 12. Nd5 Bf6 13. Nxf6+ Qxf6 14. Bb2 Qxd4 15. Bxd4 Nf8 16. Rad1 Rb8 17. c5 dxc5 18. Bxc5 Be6 19. Rd2 b6 20. Be3 Ng6 21. Red1 Kf8 22. Bc6 Rec8 23. f4 Ke7 24. Bd4 f6 25. Bb2 Kf7 26. Bd7 Bxd7 27. Rxd7+ Kg8 28. Kf2 Nf8 29. Re7 Ng6 30. Red7 1/2-1/2

[Event "Bol op"]
[Site "Bol"]
[Date "2010.09.14"]
[Round "1"]
[White "Elishev, Ivan"]
[Black "Delseny, Serge"]
[Result "1-0"]
[WhiteElo "2214"]
[BlackElo "2005"]
[PlyCount "61"]
[EventDate "2010.09.14"]
[EventType "swiss"]
[EventRounds "9"]
[EventCountry "CRO"]
[SourceTitle "CBM 138 Extra"]
[Source "ChessBase"]
[SourceDate "2010.10.29"]
[SourceVersion "1"]
[SourceVersionDate "2010.10.29"]
[SourceQuality "1"]

1. e4 c5 2. Nf3 e6 3. c4 d6 4. d4 cxd4 5. Nxd4 Nf6 6. Nc3 a6 7. Bd3 Be7 8. 0-0 0-0 9. b3 Nbd7 10. Bb2 Qc7 11. Kh1 b6 12. f4 Bb7 13. Qe2 Rfe8 14. Rae1 e5 15. Nf5 Bf8 16. fxe5 dxe5 17. Nd5 Qd8 18. Qf3 Re6 19. Nfe3 Rc8 20. Ng4 Qe8 21. Nge3 Rcc6 22. Rb1 a5 23. Qh3 g6 24. Rf3 Bc5 25. Qh4 Be7 26. Rh3 Nh5 27. Qg4 Nhf6 28. Qf3 Qc8 29. g4 Qd8 30. Rf1 Nc5 31. Bc2 1-0

[Event "Benidorm op U2000 08th"]
[Site "Benidorm"]
[Date "2009.11.28"]
[Round "1"]
[White "Pastor Briones, Jose"]
[Black "Delseny, Serge"]
[Result "0-1"]
[WhiteElo "1843"]
[BlackElo "1998"]
[PlyCount "64"]
[EventDate "2009.11.28"]
[EventType "swiss"]
[EventRounds "10"]
[EventCountry "ESP"]
[SourceTitle "CBM 133 Extra"]
[Source "ChessBase"]
[SourceDate "2010.01.05"]
[SourceVersion "1"]
[SourceVersionDate "2010.01.05"]
[SourceQuality "1"]

1. e4 e6 2. Nf3 d5 3. e5 c5 4. b4 cxb4 5. a3 bxa3 6. Nxa3 a6 7. d4 Nc6 8. c3 Bd7 9. Bd3 f5 10. 0-0 Nh6 11. Bg5 Be7 12. Bxh6 gxh6 13. Ne1 0-0 14. Qh5 Kg7 15. f4 Qa5 16. Rf3 Be8 17. Rg3+ Bg6 18. Nac2 Qxc3 19. Qd1 Bh4 20. Rh3 Bxe1 21. Bxf5 Bxf5 22. Rxc3 Bxc3 23. Ra3 Bxc2 24. Qxc2 Nxd4 25. Qd1 Nb5 26. Qg4+ Kh8 27. Ra2 Rf5 28. Qf3 Bxe5 29. g4 Rxf4 30. Qe2 Bd4+ 31. Kh1 Nc3 32. Qg2 Nxa2 0-1

[Event "FRA-chT3 Gr01 0607"]
[Site "France"]
[Date "2007.03.18"]
[Round "7.1"]
[White "Vitoux, Colomban"]
[Black "Delseny, Serge"]
[Result "1-0"]
[WhiteElo "2317"]
[BlackElo "2056"]
[PlyCount "63"]
[EventDate "2006.10.15"]
[EventType "team"]
[EventRounds "9"]
[EventCountry "FRA"]
[SourceTitle "EXT 2008"]
[Source "ChessBase"]
[SourceDate "2007.11.25"]
[SourceVersion "1"]
[SourceVersionDate "2007.11.25"]
[SourceQuality "1"]

1. e4 c5 2. Nf3 e6 3. c4 Nc6 4. Nc3 d6 5. Be2 Nf6 6. 0-0 Be7 7. d4 cxd4 8. Nxd4 0-0 9. Be3 a6 10. f4 Qc7 11. Qe1 Re8 12. Rc1 Nxd4 13. Bxd4 Nd7 14. Qg3 Bf6 15. Bxf6 Nxf6 16. e5 Nd7 17. Ne4 dxe5 18. fxe5 Rf8 19. Rcd1 Nxe5 20. Kh1 Qb8 21. Rd6 Ng6 22. Ng5 e5 23. Rxg6 fxg6 24. Rxf8+ Kxf8 25. Qf2+ Bf5 26. g4 Qc8 27. gxf5 gxf5 28. Bd3 g6 29. Qh4 h5 30. Nh7+ Kg8 31. Qe7 Kh8 32. Nf6 1-0

[Event "FRA-chT3 Gr01 0607"]
[Site "France"]
[Date "2007.02.11"]
[Round "6.1"]
[White "Efimov, Igor"]
[Black "Delseny, Serge"]
[Result "1-0"]
[WhiteElo "2416"]
[BlackElo "2056"]
[PlyCount "66"]
[EventDate "2006.10.15"]
[EventType "team"]
[EventRounds "9"]
[EventCountry "FRA"]
[SourceTitle "EXT 2008"]
[Source "ChessBase"]
[SourceDate "2007.11.25"]
[SourceVersion "1"]
[SourceVersionDate "2007.11.25"]
[SourceQuality "1"]

1. d4 d5 2. Nf3 Nf6 3. c4 c6 4. Qc2 e6 5. g3 Nbd7 6. Bg2 Bb4+ 7. Nbd2 0-0 8. 0-0 Re8 9. Rd1 Bd6 10. e4 dxe4 11. Nxe4 Nxe4 12. Qxe4 Nf6 13. Qe2 Bd7 14. Ne5 Qc7 15. Bg5 Be7 16. Bf4 Qd8 17. Rd3 Qb6 18. g4 Red8 19. g5 Ne8 20. c5 Qa6 21. Bf1 b5 22. Nxf7 Kxf7 23. Qh5+ Kg8 24. Rh3 h6 25. gxh6 e5 26. hxg7 Nxg7 27. Qh7+ Kf7 28. Rg3 Rg8 29. Qg6+ Kf8 30. Bxe5 Be6 31. Bxg7+ Rxg7 32. Qxg7+ Ke8 33. Re1 Qxa2 1-0

[Event "Cannes op"]
[Site "Cannes"]
[Date "2000.02.22"]
[Round "3"]
[White "Delseny, Serge"]
[Black "Derieux, Christian"]
[Result "0-1"]
[WhiteElo "2095"]
[BlackElo "2202"]
[PlyCount "30"]
[EventDate "2000.02.20"]
[EventType "swiss"]
[EventRounds "9"]
[EventCountry "FRA"]
[SourceTitle "EXT 2001"]
[Source "ChessBase"]
[SourceDate "2000.11.22"]
[SourceVersion "1"]
[SourceVersionDate "2000.11.22"]
[SourceQuality "1"]

1. Nf3 c5 2. g3 Nc6 3. Bg2 d5 4. c4 d4 5. d3 g6 6. 0-0 Bg7 7. Bd2 Nf6 8. Na3 0-0 9. Nc2 a5 10. b3 e5 11. Rb1 h6 12. a3 e4 13. dxe4 Nxe4 14. Nfxd4 Nxd2 15. Nxc6 bxc6 0-1